zpět

Detail výsledku týmu

Hasičárna Novesta, Zlín

Datum a čas kvízu

40 Celkem bodů Celkový počet nahraných bodů na tomto kvízu bez doplňovacích otázek.
4. Pořadí na kvízu Konečné umístění týmu na tomto kvízu.

Zaznamenané odpovědi

# Otázka Odpověď Body Výsledky
1. Který známý český youtuber vyb... Radek Starý (Sterakdary) 0
2. Minulý týden jsme se dozvěděli... C 1
3. V pondělí se odehrálo finále r... Patricie Herlíková; Jan (Honzi) Michálek 1
4. Která velká čínská firma prodá... Shein 1
5. Který bývalý profesionální spo... David Beckham 1
6. První novodobé hry se konaly v... C 1
7. U maratonu ještě zůstaneme. Me... v Římě, běžel bosky 1
8. V roce 1976 v Montrealu k finá... 14 let (13 nebo 15 let za půl bodu) 0.5
9. Nyní se přeneseme na olympijsk... Kateřina Kůrková, Matthew Emmons 1
10. Na závěr postupně uslyšíte tři... 3, 2, 1 0